Yıldız İzi : Anılar, Acılar, Yaşanmışlıklar (Record no. 4169)

000 -LEADER
fixed length control field 00504nam a22001817a 4500
008 - FIXED-LENGTH DATA ELEMENTS--GENERAL INFORMATION
fixed length control field 200907b |o||| |||| 00| 0deng d
020 ## - INTERNATIONAL STANDARD BOOK NUMBER
International Standard Book Number 9786050901023
041 ## - LANGUAGE CODE
Language code of text/sound track or separate title Türkçe
050 ## - LIBRARY OF CONGRESS CALL NUMBER
Classification number PL248.A5428
100 ## - MAIN ENTRY--PERSONAL NAME
9 (RLIN) 1854
Personal name Akatlı, Zeynep Altıok
245 ## - TITLE STATEMENT
Title Yıldız İzi : Anılar, Acılar, Yaşanmışlıklar
250 ## - EDITION STATEMENT
Edition statement 1.Baskı
260 ## - PUBLICATION, DISTRIBUTION, ETC.
Place of publication, distribution, etc. İstanbul:
Name of publisher, distributor, etc. Doğan Kitap,
Date of publication, distribution, etc. Mayıs 2011
300 ## - PHYSICAL DESCRIPTION
Extent 175 Sayfa
650 #0 - SUBJECT ADDED ENTRY--TOPICAL TERM
9 (RLIN) 145
Topical term or geographic name entry element Türk Edebiyatı
650 #0 - SUBJECT ADDED ENTRY--TOPICAL TERM
9 (RLIN) 1768
Topical term or geographic name entry element Anı Biyografi
942 ## - ADDED ENTRY ELEMENTS (KOHA)
Source of classification or shelving scheme
Koha item type Books
Holdings
Withdrawn status Lost status Source of classification or shelving scheme Damaged status Not for loan Permanent Location Current Location Shelving location Date acquired Full call number Barcode Date last seen Price effective from Koha item type
        Ödünç verilemez İmren Ahmet Tüzün Kütüphanesi İmren Ahmet Tüzün Kütüphanesi Ahmet Tüzün 2020-09-07 PL248.A5428 100100004496 2020-09-07 2020-09-07 Books

This software was implemented, installed and managed by Devinim Software Training Consulting .